000 00806nam a2200253 i 4500
001 6944
003 ES-MaACL
005 20230906145128.0
007 t|
008 900713s1989 sp ||||1| spa d
020 _a84-345-8437-9
080 _a159.947.2
080 _a17.026.4
100 1 _aSkinner, B. F.
_9106745
245 1 0 _aMas alla de la libertad y la dignidad
_b: un profundo estudio del hombre y la sociedad /
_cBurrhus F. Skinner.
260 _aBarcelona :
_bSalvat,
_c1989.
300 _aIX, 211 p. ;
_c19 cm.
490 1 _aBiblioteca científica Salvat ;
_v95
650 1 4 _aConducta.
_911256
650 1 4 _aPersonalidad-
_xAspectos sociales.
_915973
830 0 _aBiblioteca científica Salvat ;
_v95
_9177703
852 _aES-MaACL
_jL-14175
_bR.117763
_z. - rust.
999 _c6944
_d6944